| 000 | 00706nac a22002051u 4500 | ||
|---|---|---|---|
| 010 | _a 2005058047 | ||
| 020 | _a1418042021 | ||
| 082 | 0 | 0 |
_a690 _bS7441 |
| 090 |
_c3913 _d3913 |
||
| 100 | _aSpence, William Perkin | ||
| 245 | 1 | 0 |
_aConstruction methods, materials, and techniques / _cWilliam P. Spence. |
| 250 | _a2nd ed. | ||
| 260 |
_aClifton Park, N.Y. : _bThomson Delmar Learning,2006 _c2006. |
||
| 300 |
_a 1v.: _bIll. ; _c28 cm. |
||
| 504 | _aIncludes bibliographical references and index. | ||
| 650 | 0 | _aBuilding. | |
| 650 | 0 | _aBuilding materials. | |
| 942 |
_cNB _k690 S7441 |
||
| 999 |
_c3913 _d3913 |
||